Bài tập trắc nghiệm cơ học và phương pháp giải

Spremljeno u:
Bibliografski detalji
Glavni autor: Vũ Duy Cường
Format: Knjiga
Jezik:Undetermined
Izdano: Thành phố Hồ Chí Minh Đại học Quốc gia Thành phố Hồ Chí Minh 2005
Teme:
Oznake: Dodaj oznaku
Bez oznaka, Budi prvi tko označuje ovaj zapis!
Thư viện lưu trữ: Trung tâm Học liệu Trường Đại học Cần Thơ
LEADER 00653nam a2200205Ia 4500
001 CTU_101544
008 210402s9999 xx 000 0 und d
020 |c 18000 
082 |a 531.076 
082 |b C561 
100 |a Vũ Duy Cường 
245 0 |a Bài tập trắc nghiệm cơ học và phương pháp giải 
245 0 |c Vũ Duy Cường 
260 |a Thành phố Hồ Chí Minh 
260 |b Đại học Quốc gia Thành phố Hồ Chí Minh 
260 |c 2005 
650 |a mechanics 
650 |x problems, exercises, etc. 
904 |i Minh 
980 |a Trung tâm Học liệu Trường Đại học Cần Thơ